000
00313 a2200157 4500
001
183110
020
_a
040
_c
Magnum
100
_a
Jong, Erica
240
1
0
_a
Medo de voar
_l
por
245
1
0
_a
Medo de voar
300
_a
318
362
0
_a
1973
697
_a
LITERATURA GERAL ESTRANGEIRA
942
_c
BK
999
_c
183110
_d
183110